Wiedza ogólna - Statystyki

Ogólne statystyki
  • Ten quiz został rozwiązany 336 razy
  • Średni wynik to 7 z 15
Statystyki odpowiedzi
Hint Odpowiedź % Poprawnych
Ile sekund mieści się w jednej godzinie? 3600
92%
Ile jest czasów przeszłych w języku angielskim? 4
85%
Trwałe połączenie dwóch metali, poprzez spalenie ich brzegów to... Spawanie
68%
Które Cesarstwo Rzymskie, utworzone w wyniku podziału w 395 r.n.e, upadło wcześniej? Zachodniorzymskie
65%
Jakie jest największe powierzchniowo państwo Afryki? Algieria
64%
Kim był Bolesław Śmiały (Szczodry) dla Władysława Hermana? Bratem
61%
Jakie liczby są stosowane w systemie dwójkowym? 0 i 1
38%
Jaką nazwę nosi pierwsza część "Chłopów" Władysława Reymonta? Jesień
37%
Kto był przewodniczącym Endecji? Roman Dmowski
36%
Rzeka przepływająca przez Bydgoszcz (inna niż Wisła)? Brda
31%
Jaki związek chemiczny stanowi 95% atmosfery Marsa Dwutlenek węgla
31%
"Waltornia" to inna nazwa jakiego instrumentu muzycznego? Róg
29%
Kto zagrał Pana Młodego w "Weselu" Andrzeja Wajdy? Daniel Olbrychski
25%
Jaką nazwę nosi największa ryba na świecie? Rekin Wielorybi
23%
Co dosłownie oznacza nazwa "Hipopotam"? Koń rzeczny
6%
Nie znaleziono quizów pasujących do podanych kryteriów
Rozkład punktacji
Procent ludzi z każdym wynikiem
Percentyl według liczby udzielonych odpowiedzi
Twoja historia wyników
Nie rozwiązałeś tego quizu